1自治体で構成されるナンバープレート - Statistics

General Stats
  • This quiz has been taken 160 times
  • The average score is 16 of 23
Answer Stats
Answer % Correct
世田谷
81%
市川
77%
仙台
76%
杉並
76%
松戸
75%
船橋
74%
なにわ
74%
葛飾
73%
川崎
73%
一宮
73%
豊田
71%
越谷
69%
川口
68%
江東
68%
板橋
68%
春日井
67%
四日市
66%
66%
市原
64%
高松
64%
苫小牧
62%
郡山
62%
下関
60%
No matching quizzes found
Score Distribution
Percent of People with Each Score
Percentile by Number Answered
Your Score History
You have not taken this quiz